Caricamento...
Introduction to film /
This concise introduction to the study of film offers an integrated and carefully paced overview of the issues and perspectives that contribute to a full understanding of the medium. It starts simply with a range of filmic examples, theoretical terms and analytical strategies chosen to reflect stude...
| Autore principale: | |
|---|---|
| Natura: | Printed Book |
| Lingua: | English |
| Pubblicazione: |
Houndmills, Basingstoke, Hampshire ; New York :
Palgrave Macmillan,
2005.
|
| Soggetti: | |
| Accesso online: | http://www.loc.gov/catdir/enhancements/fy0624/2005042964-t.html http://www.loc.gov/catdir/enhancements/fy0624/2005042964-b.html http://www.loc.gov/catdir/enhancements/fy0624/2005042964-d.html |
| LEADER | 01998cam a2200301 a 4500 | ||
|---|---|---|---|
| 008 | 050106s2005 enka b 001 0 eng | ||
| 010 | |a 2005042964 | ||
| 020 | |a 1403916268 (hardback) | ||
| 020 | |a 1403916276 (pbk.) | ||
| 020 | |a 9781403916266 (hardback) | ||
| 020 | |a 9781403916273 (pbk.) | ||
| 082 | 0 | 0 | |a 791.43 |2 22 |
| 100 | 1 | |a Lacey, Nick, | |
| 245 | 1 | 0 | |a Introduction to film / |c Nick Lacey. |
| 260 | |a Houndmills, Basingstoke, Hampshire ; |a New York : |b Palgrave Macmillan, |c 2005. | ||
| 300 | |a xvi, 336 p. ; |b ill. ; |c 24 cm. | ||
| 504 | |a Includes bibliographical references (p. 308-328) and index. | ||
| 520 | |a This concise introduction to the study of film offers an integrated and carefully paced overview of the issues and perspectives that contribute to a full understanding of the medium. It starts simply with a range of filmic examples, theoretical terms and analytical strategies chosen to reflect students' likely motivations for studing film in the first place. Its unified narrative line and student-centered philosophy create a layered approach, where greater complexity is built in stage by stage. It is enriched by a fund of diverse examples, handled as extended case studies or briefer vignettes, that offer a sensitive mix of the familiar, classic and more unusual. | ||
| 650 | 0 | |a Cinematography. | |
| 650 | 0 | |a Motion pictures. | |
| 856 | 4 | 1 | |u http://www.loc.gov/catdir/enhancements/fy0624/2005042964-t.html |
| 856 | 4 | 2 | |u http://www.loc.gov/catdir/enhancements/fy0624/2005042964-b.html |
| 856 | 4 | 2 | |u http://www.loc.gov/catdir/enhancements/fy0624/2005042964-d.html |
| 906 | |a 7 |b cbc |c orignew |d 1 |e ocip |f 20 |g y-gencatlg | ||
| 942 | |2 ddc |c BK | ||
| 955 | |a pc10 2005-01-06 to HLCD |c lg31 2005-01-11 |a aa05 2005-01-12 |a ps11 2005-08-25 bk rec'd, to CIP ver. |a ld11 2005-12-02 copy 2 to BCCD | ||
| 999 | |c 178384 |d 178384 | ||
| 952 | |0 0 |1 0 |4 0 |6 791_430000000000000_LAC_I |7 0 |9 197678 |a WMS |b WMS |c GEN |d 2017-11-14 |g 0.00 |i 346 |l 2 |m 1 |o 791.43 LAC/I |p WMS346 |r 2021-03-23 |s 2021-03-16 |w 2018-08-31 |y BK | ||